000 00625nam a22001937a 4500
008 221013b |||||||| |||| 00| 0 eng d
020 _a9780753370
040 _aNLN
_bEnglish
050 _aDT515.83.
_bA317 Pt. 1
100 _aALABI, Dosu
_eaut
_919082
245 _aPractical Christianity part 1:
_bthe celestial church of Christ experiences/
_cDosu Alabi
260 _aOrita Challenge Ibadan:
_bHoneyland Resources,
_c2007
300 _axiv, 73p.:
_bill., Ports.; 18cm
563 _aPbk
650 _aAlabi Dosu
_919083
650 _aReminiscing
_9135
650 _aCelestial Church of Christ
_vNigeria
_919084
942 _cBK
999 _c9660
_d9660